| 000 | 00376nam a2200145 i 4500 | ||
|---|---|---|---|
| 001 | bg | ||
| 100 | 1 | _aMARYAŃSKI, Andrzej | |
| 245 | 0 |
_aGeografia ekonomiczna Ameryki Łacińskiej / _cEdmund Maryański, Zygmunt Szot. |
|
| 260 |
_aWarszawa, _c1977. |
||
| 700 | 1 | _aSZOT, Zygmunt | |
| 040 | _cBPK | ||
| 041 | _apol | ||
| 942 | _cKS | ||
| 008 | s pl f |000 0 pol | ||
| 999 |
_c27876 _d27876 |
||
| 856 |
_uhttp://koha.tu.koszalin.pl/cgi-bin/koha/opac-detail.pl?biblionumber=27876 _yKatalog online BPK |
||